Catálogo
 En Linea

La formación en el movimiento de los trabajadores de América Latina : (Registro nro. 14112)

Detalles MARC
000 -CABECERA
campo de control de longitud fija 01225cam a2200277 a 4500
001 - NÚMERO DE CONTROL
campo de control 000014523
005 - FECHA Y HORA DE LA ÚLTIMA TRANSACCIÓN
campo de control 20200929163850.0
008 - DATOS DE LONGITUD FIJA--INFORMACIÓN GENERAL
campo de control de longitud fija 940920s1986 ve ab 000 0 spa d
020 ## - NÚMERO INTERNACIONAL ESTÁNDAR DEL LIBRO
Número Internacional Estándar del Libro 0917049152
040 ## - FUENTE DE LA CATALOGACIÓN
Centro catalogador/agencia de origen DO-SdBNP
Lengua de catalogación spa
Centro/agencia transcriptor LC
Centro/agencia modificador BNPHU
050 00 - SIGNATURA TOPOGRÁFICA DE LA BIBLIOTECA DEL CONGRESO
Número de clasificación HD6530.5
Número de documento/Ítem .F67 1986
082 ## - NÚMERO DE LA CLASIFICACIÓN DECIMAL DEWEY
Número de clasificación nn*
Número de documento/Ítem F723m
049 ## - FONDOS LOCALES (OCLC)
Fondos de biblioteca BNGR
245 03 - MENCIÓN DE TÍTULO
Título La formación en el movimiento de los trabajadores de América Latina :
Resto del título manual para los responsables de formacion de la CLAT /
Mención de responsabilidad, etc. equipo de responsables de formacion de la Central Latinoamericana de Trabajadores, CLAT ; prólogo Emilio Maspero ; introducción Rodolfo Romero.
260 ## - PUBLICACIÓN, DISTRIBUCIÓN, ETC.
Lugar de publicación, distribución, etc. Caracas :
Nombre del editor, distribuidor, etc. Universidad de los Trabajadores de América Latina,
Fecha de publicación, distribución, etc. 1986.
300 ## - DESCRIPCIÓN FÍSICA
Extensión 2 v. :
Otras características físicas il., maps. ;
Dimensiones 22 cm.
490 1# - MENCIÓN DE SERIE
Mención de serie UTAL ;
-- Formación
505 0# - NOTA DE CONTENIDO CON FORMATO
Información miscelánea v. 1.
Título Teoría --
Información miscelánea v. 2.
Título El sistema de formación de la CLAT.
650 #0 - PUNTO DE ACCESO ADICIONAL DE MATERIA--TÉRMINO DE MATERIA
Término de materia o nombre geográfico como elemento de entrada Labor unions and education
Subdivisión geográfica Latin America.
9 (RLIN) 32854
650 #0 - PUNTO DE ACCESO ADICIONAL DE MATERIA--TÉRMINO DE MATERIA
Término de materia o nombre geográfico como elemento de entrada Working class
Subdivisión general Education
Subdivisión geográfica Latin America.
9 (RLIN) 32855
700 1# - PUNTO DE ACCESO ADICIONAL--NOMBRE DE PERSONA
Nombre de persona Maspero, Emilio,
Término indicativo de función/relación pról.
9 (RLIN) 32856
700 1# - PUNTO DE ACCESO ADICIONAL--NOMBRE DE PERSONA
Nombre de persona Romero, Rodolfo,
Término indicativo de función/relación introd.
9 (RLIN) 32857
710 0# - PUNTO DE ACCESO ADICIONAL--NOMBRE DE ENTIDAD CORPORATIVA
Nombre de entidad corporativa o nombre de jurisdicción como elemento de entrada Central Latinoamericana de Trabajadores.
9 (RLIN) 32858
830 #0 - PUNTO DE ACCESO ADICIONAL DE SERIE-TÍTULO UNIFORME
Título uniforme UTAL ;
Nombre de parte o sección de la obra Formación
9 (RLIN) 32859
910 ## - DATOS DE OPCIÓN DEL USUARIO (OCLC)
Datos de opción del usuario Catalogación por copia / LC
Existencias
Estado de retiro Estado de pérdida Restricciones de uso No para préstamo Código de colección Localización permanente Ubicación/localización actual Ubicación en estantería Fecha de adquisición Número de inventario Total de préstamos Signatura topográfica completa Código de barras Fecha visto por última vez Precio válido a partir de Tipo de ítem Koha
      Excluido de préstamo Monografías: Libros y Folletos General General En catalogación 13.01.2010 LF1   v.1 14523-10 25.06.2020 25.06.2020 No se presta
      Excluido de préstamo Monografías: Libros y Folletos General General En catalogación 13.01.2010 LF1   v.2 14523-20 25.06.2020 25.06.2020 No se presta

Con tecnología Koha